1582 1551 1849 1928 1081 1007 1275 1028 1483 1868 1468 1858 1357 1323 1271 1083 1166 1928 1839 1348 1478 1453 1535 1374 1187 1400 1762 1140 1173 1215 1463 1297 1934 1644 1081 1692 1348 1312 1626 1902 1928 1468 1560 1807 1072 1178 1320 1164 1701 1025 1801 1341 1862 1032 1339 1300 1237 1955 1376 1531 1784 1984 1184 1358 1957 1668 1100 1907 1662 1449 1874 1268 1518 1908 1985 1343 1146 1873 1475 1215 1615 1189 1892 1678 1034 1556 1877 1018 1046 1288 1364 1800 1959 1841 1904 1866 1940 1233 1150 BCNSPRNW ULIB Ver.6.0+V

เปลี่ยนเป็นภาษาไทย

Change to English
 แสดงรายละเอียดบรรณานุกรม
  กลับหน้าหลัก

Brief Record : Get Marc (ISO 2709) : E-mail record : QR code < ปิดหน้าต่าง
LEADER : 00000nam 2200000uu 4500
001    13399115158
003     ULIB
008    120713s2552||||th 000 0 tha d
020    ^a9789745985353
060 04 ^aWQ13^bว336ศ
100 0  ^aวรุณวรรณ ผาโคตร
245 10 ^aศัพท์ :^bแม่ เด็กและเวชศาสตร์ครอบครัว = Vocabulary in maternal child and family practitioner /^cวรุณวรรณ ผาโคตร,สิรนาถ นุชนาถ
246 31 ^aVocabulary in maternal child and family practitioner
250    ^aพิมพ์ครั้งที่ 1
260    ^aกรุงเทพฯ :^bเค. เอส. พี.,^c2552
300    ^a295 หน้า
504    ^aบรรณานุกรม: หน้า 295
650  2 ^aFamily practice^xDictionaries
650  2 ^aMedicine^xDictionaries
700 00 ^aสิรนาถ นุชนาถ,^eผู้แต่งร่วม
945    ^p199^l0^i19148
945    ^p199^l0^i19149
995    ^a เกษร
999    ^aใช้งานได้ทุกระบบ
รายการนี้ยังไม่มีแท็ก
คุณยังไม่ได้ล็อกอิน คุณสามารถมีกิจกรรมร่วมกับเว็บไซต์ได้ แต่ต้องล็อกอินก่อน ::
  ล็อกอิน

รายการสื่อสารสนเทศ

ลำดับที่ ประเภท เลขเรียก/บาร์โค้ด สถานที่ สถานะ
- ไม่พบข้อมูล -

รายการใกล้เคียง
    ผู้แต่ง [วรุณวรรณ ผาโคตร]

    หัวเรื่อง [Medicine Dictionaries]

BibComment


ยังไม่เคยถูกคอมเมนท์

คอมเมนท์ทรัพยากรรายการนี้
  คอมเมนท์: ศัพท์ แม่ เด็กแ..


 Copyright 2026. Bcnsprnw @Library